Vvedenije dezinfekcionnych nematocidnych veščestv v počvu

Bibliographic Details
Main Authors: Fic, Vlastimil, 1925-2021 (Author), Procházka, J. (Author), Fic, J. (Author)
Format: Article
Language:Russian
PhysicalDescription:Res. angl., franc., čes.
Subjects:

MARC

LEADER 00000nab a2200000 a 4500
001 vtls000085806
003 SK-MaSNL
005 20260318114835.0
008 111031c1979 xo 0 rus
015 |a SNBRA19rr/mm-uuuuu 
035 |a CL0095909 
040 |a SNKBUCL  |b slo  |c SNKBUCL  |e AACR2 
041 0 |a rus 
044 |a xo  |c SK 
080 |a 634.8  |2 1981 
080 |a 631.4  |2 1981 
100 1 |a Fic, Vlastimil,  |d 1925-2021  |4 aut  |9 262094 
245 1 0 |a Vvedenije dezinfekcionnych nematocidnych veščestv v počvu  |c V. Fic, J. Procházka ; J. Fic 
300 |b Res. angl., franc., čes. 
650 0 7 |a vinič hroznorodý  |2 snkbucl  |9 15944 
650 0 7 |a vinice  |2 snkbucl 
655 7 |a články zo zborníkov  |2 snkbucl  |9 166140 
700 1 |a Procházka, J.  |4 aut  |9 309285 
700 1 |a Fic, J.  |4 aut  |9 1616738 
773 0 |t Ozdravenie viniča od vírusov  |d Nitra : Slov. spoloč. pre poľnohosp., lesn., a potrav. vedy SAV, 1979  |g S. 155-159 
850 |a Slovenská národná knižnica v Martine  |a MTA001 
852 |a SNK  |b KIS3GCP 
958 |a RK 
992 |a RZB 
999 |c 3330833  |d 3332763